000 00422nam a2200205Ia 4500
001 000638
003 YMCAF
005 20230512160028.0
008 100717s1971 ||||||||||||||||| ||und|d
024 _a638
035 _a621
040 _aYMCAF
_beng
_cIN-KoLT
041 _aeng
082 _aMET-ROL45
100 _aROLSON E.C.
245 0 _aMETALLURGY FOR ENGG.
260 _c1971
300 _a391
942 _2ddc
_cBK
999 _c509
_d509